| 000 | 00777nam a2200229Ii 4500 | ||
|---|---|---|---|
| 003 | JO-AjNU | ||
| 008 | 230605s9999||||xx |||||||||||||| ||und|| | ||
| 017 | _a2003/15349 | ||
| 020 | _a977-01-8838-7 | ||
| 040 |
_aJO-AjNU _bara _erda _cJO-AjNU |
||
| 041 | _aara | ||
| 050 | 1 | 4 | _aPJ7816.A752.B55 2003 |
| 100 | 3 |
_aالنعيمي، خليل, _eauthor _915984 |
|
| 245 | 0 | 0 | _aمخيلة الأمكنة: مدن ونصوص |
| 264 | 3 | 1 | _aالقاهرة: وزارة الثقافة، 2003 |
| 300 | _a232ص | ||
| 336 |
_atext _btxt _2rdacontent |
||
| 337 |
_aunmediated _bn _2rdamedia |
||
| 338 |
_avolume _bnc _2rdacarrier |
||
| 490 | 0 | _aمهرجان القراءة للجميع، مكتبة الاسرة، القاهرة، 2003 | |
| 650 | 4 |
_aالادب العربي - قصص _915985 |
|
| 999 |
_aA4638 _c8206 _d8206 |
||